000 01003cam a2200301 a 4500
999 _c9847
_d9847
001 9847
003 BD-JhCC
005 20180402104453.0
008 880808s1913 enk 001 0 eng d
035 _aoxf98320199
035 _a(OCoLC)2653484
_a(BD-JhCC)9847
040 _aCSU
_dm.c
_dBD-JhCC
041 _aeng
050 4 _aPR5240
_b.F13
082 _bROS 1913
_a821.4
100 1 _aRossetti, Dante Gabriel,
_d1828-1882.
240 1 0 _aPoems
245 1 0 _aPoems & translations, 1850-1870 :
_btogether with the prose story 'Hand and soul' /
_cDante Gabriel Rossetti.
246 3 3 _aPoems and translations
246 3 3 _aPoems and translations, 1850-1870
260 _aLondon ;
_aNew York :
_bH. Milford, Oxford University Press,
_c1913.
300 _axvii, 482 p. ;
_c19 cm.
650 0 _aItalian poetry
_vTranslations into English.
650 0 _aEnglish poetry
_vTranslations from Italian.
700 1 2 _aRossetti, Dante Gabriel,
_d1828-1882.
_tHand and soul.
942 _2ddc
_cBK